000 01370nam a2200265 a 4500
999 _c491400
_d491400
003 BLK
005 20230530100033.0
008 230511b bu |||||||||| 00| | bu d
020 _a9786190301264
040 _aBLK
041 _aBUL
_cBUL
080 _aНовогръцка литература
_b821.146
_x-1(081)
_z821.146-1(081)
100 _9416416
_aКавафис, Константинос
_eпърви автор
139 _aКавафис, Константинос
245 _aИзбрани стихотворения
_cКонстантинос Кавафис ; състав., прев. от гр. Милко Стоименов
260 _9209457
_aСофия
_bБард
_c2022
_f([Костинброд] : Мултипринт ООД)
_n978-954-655- ; 978-954-585- ; 978-954-584-
300 _a208 с.
_c21 см
380 _aX
500 _aОриг. загл. на гр. ез.: Poiimata Биогр. данни за авт. отбелязани на 2-ра кор. Константинос Кавафис - бродник или изповедник на своето време / Кирил Топалов: с. 5-23
700 _9456675
_aСтоименов, Милко Христов
_eсъстав. и прев. от гр.
852 _aЦб 317843
_bЦб
856 _i0.00
_ldisable
942 _cKNG
_n0
_s1
_01
944 _aCR
_c2023-05-11
_kВП